01750nam a2200385 a 4500001001100000003000800011006001900019007001500038008004100053010001700094020002600111040002100137035002000158050002500178082002500203100001900228245011800247260007000365300001500435504006400450533015200514610007000666610003600736650007200772650006500844650006500909650006500974650005801039650004301097650003601140655002901176710001701205856012501222999001701347ebr5005949CaPaEBRm u cr cn|||||||||980713s1999 enk sb 001 0 eng  z 98035135  z0521580900 (hardback) aCaPaEBRcCaPaEBR a(OCoLC)5162078414aPR428.C3bS54 1999eb04a820.9/9222/090312211 aShell, Alison.10aCatholicism, controversy, and the English literary imagination, 1558-1660h[electronic resource] /cAlison Shell. aCambridge, U.K. ;aNew York :bCambridge University Press,c1999. axi, 309 p. aIncludes bibliographical references (p. 300-302) and index. aElectronic reproduction.bPalo Alto, Calif. :cebrary,d2013.nAvailable via World Wide Web.nAccess may be limited to ebrary affiliated libraries.20aCatholic ChurchxControversial literaturexHistory and criticism.20aCatholic ChurchxIn literature. 0aEnglish literatureyEarly modern, 1500-1700xHistory and criticism. 0aEnglish literaturexCatholic authorsxHistory and criticism. 0aChristianity and literaturezEnglandxHistoryy16th century. 0aChristianity and literaturezEnglandxHistoryy17th century. 0aChristian literature, EnglishxHistory and criticism. 0aCatholicszEnglandxIntellectual life. 0aAnti-Catholicism in literature. 7aElectronic books.2local2 aebrary, Inc.40uhttp://site.ebrary.com/lib/rucke/Doc?id=5005949zAn electronic book accessible through the World Wide Web; click to view c20482d20482